[Event "XXXVI C.to Italiano femminile"]
[Site "Bratto - Castione della Presolana ITA"]
[Date "2009.08.23"]
[Round "3"]
[White "Tonel, Giulia"]
[Black "Messina, Roberta"]
[Result "1/2-1/2"]
[WhiteElo "2004"]
[BlackElo "1900"]
[PlyCount "110"]
[EventDate "2009.08.21"]

1. e4 e6 2. d4 d5 3. Nd2 Nc6 4. Ngf3 Nf6 5. e5 Nd7 6. c3 f6 7. exf6 Qxf6 8. Bb5
e5 9. dxe5 Ndxe5 10. O-O Bg4 11. Bxc6+ Nxc6 12. Re1+ Be7 13. Qa4 Bd7 14. Qb5
Qd6 15. Nb3 O-O 16. Qxb7 Rab8 17. Qa6 Qg6 18. Nfd4 Bh3 19. Qf1 Bh4 20. Be3 Ne5
21. Kh1 c5 22. Nxc5 Ng4 23. Nd3 Rbe8 24. Nf4 Rxf4 25. Bxf4 Nxf2+ 26. Kg1 Rxe1
27. Rxe1 Ne4 28. Re2 Bg5 29. Nf3 Bd8 30. Be3 Bc7 31. Bd4 Qh5 32. Rxe4 dxe4 33.
Qc4+ Qf7 34. Qxf7+ Kxf7 35. Ng5+ Kg6 36. Nxe4 Bf5 37. Nd2 Bf4 38. Nb3 Bb1 39.
a3 Bc2 40. Na5 Bc1 41. c4 Bd2 42. Nc6 a6 43. Kf2 Bb3 44. Ke2 Bf4 45. Kd3 Bxh2
46. Na5 Ba4 47. c5 Bc7 48. Nc4 Bb5 49. Kc3 Kf7 50. Kb4 g6 51. Ne3 Bc6 52. Kc4
Ke6 53. b4 Bf4 54. g4 Bxe3 55. Bxe3 h5 1/2-1/2

[Event "XXXVI C.to Italiano femminile"]
[Site "Bratto - Castione della Presolana ITA"]
[Date "2009.08.24"]
[Round "4"]
[White "Brunello, Roberta"]
[Black "Tonel, Giulia"]
[Result "1-0"]
[WhiteElo "1956"]
[BlackElo "2004"]
[PlyCount "101"]
[EventDate "2009.08.21"]

1. e4 c5 2. Nf3 Nc6 3. d4 cxd4 4. Nxd4 e5 5. Nb5 d6 6. c4 Be6 7. N1c3 a6 8. Na3
Be7 9. Nc2 Bg5 10. Be2 Bxc1 11. Rxc1 Nge7 12. O-O O-O 13. Qd2 Qd7 14. Rcd1 Rad8
15. f4 exf4 16. Qxf4 Ng6 17. Qg3 Qe7 18. Ne3 Qh4 19. Qxh4 Nxh4 20. Rd2 Rd7 21.
Rfd1 Ng6 22. Rxd6 Rxd6 23. Rxd6 Nge5 24. Na4 g6 25. Nc5 Bc8 26. Nd5 f5 27. exf5
Bxf5 28. b3 Rf7 29. Rf6 Nd4 30. Rxf7 Kxf7 31. Bf1 Bb1 32. Nb6 Bf5 33. Nxb7 Bb1
34. a4 Nxb3 35. c5 Ke7 36. Bxa6 Be4 37. a5 Bxb7 38. Bxb7 Nxa5 39. Bd5 Nac6 40.
Kf2 Nb4 41. Ke3 Ng4+ 42. Kf4 Nxh2 43. Bc4 h5 44. Kg5 Ng4 45. Nd5+ Nxd5 46. Bxd5
Ne5 47. Be4 Ke6 48. c6 Kd6 49. g3 Nc4 50. Kxg6 Nd2 51. Bg2 1-0

[Event "XXXVI C.to Italiano femminile"]
[Site "Bratto - Castione della Presolana ITA"]
[Date "2009.08.24"]
[Round "4"]
[White "De Rosa, Mariagrazia"]
[Black "Brunello, Marina"]
[Result "0-1"]
[WhiteElo "2124"]
[BlackElo "2159"]
[PlyCount "128"]
[EventDate "2009.08.21"]

1. e4 c5 2. Nf3 d6 3. d4 cxd4 4. Nxd4 Nf6 5. Nc3 a6 6. Be2 e5 7. Nb3 Be7 8. O-O
O-O 9. Kh1 Nc6 10. f4 b5 11. Bf3 Na5 12. Nxa5 Qxa5 13. fxe5 dxe5 14. Nd5 Nxd5
15. Qxd5 Qc7 16. Qxa8 Bb7 17. Qxf8+ Bxf8 18. Be3 g6 19. c3 Qc4 20. Rad1 h6 21.
Rfe1 Qc7 22. Rd2 Kg7 23. Red1 Bc6 24. h3 Qb7 25. Bg1 Bxe4 26. Rd7 Qc6 27. Bxe4
Qxe4 28. Rf1 Qc4 29. Rdxf7+ Qxf7 30. Rxf7+ Kxf7 31. Bh2 Ke6 32. Kg1 Kd5 33. Kf2
Ke4 34. Ke2 h5 35. Bg1 Bh6 36. b3 Bc1 37. Bf2 Bg5 38. Bc5 Bd8 39. Bf2 Ba5 40.
Kd2 g5 41. Kc2 Kf4 42. Kd2 g4 43. hxg4 hxg4 44. Kc2 e4 45. Kd2 e3+ 46. Bxe3+
Kg3 47. Kd3 Kxg2 48. c4 Kf3 49. c5 g3 50. c6 g2 51. a4 bxa4 52. bxa4 Bc7 53.
Bg1 Ba5 54. Bh2 Bb6 55. Kc4 Ke4 56. c7 Bxc7 57. Bg1 Kf3 58. Kc5 a5 59. Kc6 Bd8
60. Kd7 Bf6 61. Bb6 Ke2 62. Kc6 Kf1 63. Kb5 Bc3 64. Kc4 Be1 0-1

[Event "XXXVI C.to Italiano femminile"]
[Site "Bratto - Castione della Presolana ITA"]
[Date "2009.08.24"]
[Round "4"]
[White "Messina, Roberta"]
[Black "Arnetta, Maria Teresa"]
[Result "0-1"]
[WhiteElo "1900"]
[BlackElo "2031"]
[PlyCount "98"]
[EventDate "2009.08.21"]

1. Nf3 d5 2. e3 Nf6 3. b3 Bg4 4. Bb2 Nbd7 5. Be2 e6 6. Ne5 Nxe5 7. Bxe5 Bf5 8.
O-O h5 9. c4 Ng4 10. d4 Nxe5 11. dxe5 Qg5 12. cxd5 Bh3 13. Bf3 O-O-O 14. Qd4
exd5 15. Rc1 Rh6 16. Kh1 Bf5 17. Nd2 Rg6 18. h4 Qe7 19. Qf4 Be6 20. Rc3 Kb8 21.
Rac1 c6 22. Nf1 Qb4 23. Qd4 Bg4 24. Nh2 Qxd4 25. exd4 Bb4 26. Rd3 Bf5 27. Rdd1
Ba3 28. Rc3 Bb4 29. Rcc1 Be7 30. g3 Rh6 31. Nf1 g5 32. Ne3 Be6 33. Ng2 f6 34.
hxg5 fxg5 35. Kh2 Rf8 36. Rd3 g4 37. Bd1 Rxf2 38. Rc2 Rf8 39. Re2 Bf5 40. Rc3
Bb4 41. Rce3 Be4 42. Bc2 Bf3 43. Rf2 c5 44. Rd3 cxd4 45. Bd1 Be4 46. Rxf8+ Bxf8
47. Rxd4 Bg7 48. Ne3 Bxe5 49. Rd2 h4 0-1

[Event "XXXVI C.to Italiano femminile"]
[Site "Bratto - Castione della Presolana ITA"]
[Date "2009.08.24"]
[Round "4"]
[White "Palmitessa, Chiara"]
[Black "Matta, Francesca"]
[Result "0-1"]
[WhiteElo "1807"]
[BlackElo "1906"]
[PlyCount "76"]
[EventDate "2009.08.21"]

1. e4 e5 2. Nf3 Nc6 3. Bc4 Bc5 4. d3 Nf6 5. Nc3 d6 6. Bg5 Be6 7. Nd5 Bxd5 8.
exd5 Na5 9. Bb5+ c6 10. dxc6 Bxf2+ 11. Kxf2 Qb6+ 12. Kf1 Qxb5 13. cxb7 Nxb7 14.
a4 Qb6 15. Qe1 Rc8 16. c3 Nc5 17. Qe2 Ne6 18. Be3 Qb7 19. h3 O-O 20. Kg1 Nh5
21. Kh2 Nhf4 22. Qd2 f5 23. d4 Ng6 24. dxe5 dxe5 25. b4 Kh8 26. Nxe5 Nxe5 27.
Qd6 Nc4 28. Qxe6 Rfe8 29. Qxe8+ Rxe8 30. Bd4 Qc7+ 31. Kg1 Kg8 32. h4 Re2 33.
Rh3 f4 34. a5 Ne3 35. Rf3 Rxg2+ 36. Kh1 Qb7 37. Raf1 Rg3 38. Bxe3 Rxf3 0-1

[Event "XXXVI C.to Italiano femminile"]
[Site "Bratto - Castione della Presolana ITA"]
[Date "2009.08.24"]
[Round "4"]
[White "Panella, Fiammetta"]
[Black "Chierici, Marianna"]
[Result "0-1"]
[WhiteElo "1996"]
[BlackElo "2021"]
[PlyCount "52"]
[EventDate "2009.08.21"]

1. e4 c5 2. Nf3 Nc6 3. d4 cxd4 4. Nxd4 e5 5. Nb5 d6 6. N1c3 a6 7. Na3 Be6 8.
Nc4 Be7 9. Nd5 Bxd5 10. exd5 Na7 11. Bd2 Rb8 12. a4 Nf6 13. Be3 Nc8 14. Be2 b5
15. axb5 Rxb5 16. Rxa6 Rxd5 17. Qa1 O-O 18. O-O e4 19. Nb6 Nxb6 20. Bxb6 Qc8
21. c4 Rg5 22. Qa3 d5 23. c5 d4 24. Rc1 d3 25. Bf1 Qg4 26. Qb3 Qf4 0-1

[Event "XXXVI C.to Italiano femminile"]
[Site "Bratto - Castione della Presolana ITA"]
[Date "2009.08.24"]
[Round "4"]
[White "Pili, Erika"]
[Black "Casolino, Rosamaria"]
[Result "1-0"]
[WhiteElo "1824"]
[BlackElo "1826"]
[PlyCount "57"]
[EventDate "2009.08.21"]

1. e4 c5 2. Nf3 d6 3. d4 cxd4 4. Nxd4 Nf6 5. Nc3 a6 6. Be2 e5 7. Nb3 Be6 8. Be3
Be7 9. Nd5 Nbd7 10. Nxe7 Qxe7 11. f3 d5 12. exd5 Nxd5 13. Bf2 Rd8 14. O-O Nf4
15. Qe1 Qg5 16. Bg3 O-O 17. Kh1 Qg6 18. Bxf4 exf4 19. Bd3 Qf6 20. c3 Bd5 21.
Nd4 Rfe8 22. Qd2 Re5 23. Rae1 Rh5 24. Bb1 g6 25. Ne2 Rh4 26. Qxd5 Rh5 27. Qd4
Ne5 28. Qxf4 Qg7 29. Ng3 1-0

[Event "XXXVI C.to Italiano femminile"]
[Site "Bratto - Castione della Presolana ITA"]
[Date "2009.08.24"]
[Round "4"]
[White "Polin, Giulia"]
[Black "Chiarion, Elisa"]
[Result "1-0"]
[WhiteElo "1711"]
[BlackElo "1904"]
[PlyCount "53"]
[EventDate "2009.08.21"]

1. e4 c5 2. Nf3 a6 3. d4 cxd4 4. Nxd4 Nf6 5. Nc3 e5 6. Nb3 Bb4 7. Bd3 d5 8.
exd5 e4 9. Be2 Nxd5 10. Qd4 O-O 11. O-O Nxc3 12. bxc3 Qxd4 13. cxd4 Nc6 14. Bb2
f5 15. Rad1 f4 16. d5 Nd8 17. d6 Bf5 18. c3 Nc6 19. cxb4 Nxb4 20. Nd4 Bd7 21.
a3 Nc6 22. Bc4+ Kh8 23. Ne6 Bxe6 24. Bxe6 Rad8 25. d7 h6 26. Rfe1 Kh7 27. Rxe4
1-0

[Event "XXXVI C.to Italiano femminile"]
[Site "Bratto - Castione della Presolana ITA"]
[Date "2009.08.24"]
[Round "4"]
[White "Restifo, Katiuscia"]
[Black "Reginato, Sabrina"]
[Result "0-1"]
[WhiteElo "1779"]
[BlackElo "1880"]
[PlyCount "82"]
[EventDate "2009.08.21"]

1. d4 d5 2. Nf3 Nf6 3. e3 e6 4. Bd3 Bd6 5. b3 Nbd7 6. Bb2 Qe7 7. Ne5 Ne4 8. O-O
f6 9. Qh5+ g6 10. Nxg6 Qf7 11. Nf4 Rg8 12. Qxf7+ Kxf7 13. c4 c6 14. Nc3 Ng5 15.
Kh1 e5 16. Nfe2 e4 17. Bc2 Ke6 18. cxd5+ cxd5 19. Nb5 Bb8 20. Nf4+ Kf7 21. Nxd5
a5 22. Ndc7 Ra6 23. Nxa6 bxa6 24. Nc3 f5 25. Nd5 Rg6 26. Nf4 Rh6 27. h3 Bb7 28.
Bd1 Nf6 29. b4 a4 30. Bxa4 Ng4 31. Bb3+ Ke8 32. Ba4+ Ke7 33. d5 Bxf4 34. exf4
Nxh3 35. gxh3 Bxd5 36. Kg2 e3+ 37. Kg3 Nxf2 38. Rxf2 Rg6+ 39. Kh2 exf2 40. h4
Rg2+ 41. Kh3 Rg1 0-1

[Event "XXXVI C.to Italiano femminile"]
[Site "Bratto - Castione della Presolana ITA"]
[Date "2009.08.24"]
[Round "4"]
[White "Zanaboni, Alessandra"]
[Black "Fantina, Carla"]
[Result "1-0"]
[WhiteElo "1587"]
[BlackElo "1784"]
[PlyCount "119"]
[EventDate "2009.08.21"]

1. e4 d6 2. d4 Nf6 3. Nc3 g6 4. Nf3 Bg7 5. Bc4 O-O 6. O-O Nc6 7. a3 e5 8. dxe5
dxe5 9. Qe2 Bg4 10. Rd1 Qe7 11. Be3 Rad8 12. h3 Bxf3 13. Qxf3 Nd4 14. Bxd4 exd4
15. Nd5 Nxd5 16. Bxd5 c6 17. Ba2 b6 18. Rd3 Kh8 19. Rad1 c5 20. c3 f5 21. exf5
Rxf5 22. Qc6 Qf8 23. f3 Rf6 24. Qa4 a5 25. cxd4 cxd4 26. Rxd4 Rfd6 27. Rxd6
Rxd6 28. Rxd6 Qxd6 29. Qe8+ Qf8 30. Qxf8+ Bxf8 31. a4 Bc5+ 32. Kf1 Kg7 33. Ke2
Kf6 34. f4 h6 35. Kf3 g5 36. fxg5+ Kxg5 37. g3 Be7 38. h4+ Kf5 39. Bb1+ Ke5 40.
b3 Kd4 41. Bg6 Kc5 42. Bf7 Kb4 43. Kg4 b5 44. axb5 Kxb5 45. Kh5 Bf8 46. g4 Kc6
47. g5 hxg5 48. hxg5 Kd6 49. Kg6 Ke7 50. Bc4 Kd6 51. Kf7 Be7 52. g6 Bg5 53. g7
Bd2 54. g8=Q Bb4 55. Qe8 Kc5 56. Qd7 Kb6 57. Qc8 Ba3 58. Ke6 Bb4 59. Kd7 Ba3
60. Qc7# 1-0

[Event "XXXVI C.to Italiano femminile"]
[Site "Bratto - Castione della Presolana ITA"]
[Date "2009.08.25"]
[Round "5"]
[White "Brunello, Marina"]
[Black "Arnetta, Maria Teresa"]
[Result "0-1"]
[WhiteElo "2159"]
[BlackElo "2031"]
[PlyCount "80"]
[EventDate "2009.08.21"]

1. e4 c5 2. c3 e5 3. Nf3 Nc6 4. Bc4 Nf6 5. Ng5 d5 6. exd5 Na5 7. Bb5+ Bd7 8.
Qa4 a6 9. Bxd7+ Nxd7 10. Ne6 b5 11. Nxd8 bxa4 12. Nc6 Nxc6 13. dxc6 Nb6 14. d3
O-O-O 15. Ke2 Kc7 16. b3 Kxc6 17. c4 Be7 18. Nc3 f5 19. Bb2 Bf6 20. Rad1 Rhe8
21. Rhe1 Rb8 22. Kd2 e4 23. dxe4 Nxc4+ 24. bxc4 Rxb2+ 25. Kd3 fxe4+ 26. Nxe4
Rd8+ 27. Ke3 Bd4+ 28. Kf3 Rxa2 29. Ng5 Rxf2+ 30. Kg3 Rf6 31. Nf3 Rg6+ 32. Kh3
Rgd6 33. Re2 a3 34. Rd3 Bb2 35. Rb3 Rd3 36. Rexb2 axb2 37. Rxb2 Rc3 38. Kg3 Re8
39. Ra2 Kb7 40. Ra4 Re4 0-1

[Event "XXXVI C.to Italiano femminile"]
[Site "Bratto - Castione della Presolana ITA"]
[Date "2009.08.25"]
[Round "5"]
[White "Casolino, Rosamaria"]
[Black "Zanaboni, Alessandra"]
[Result "1-0"]
[WhiteElo "1826"]
[BlackElo "1587"]
[PlyCount "131"]
[EventDate "2009.08.21"]

1. e4 c5 2. Nc3 Nc6 3. g3 g6 4. Bg2 Bg7 5. d3 e6 6. Be3 d6 7. Qd2 Nge7 8. Bh6
Bd4 9. Nd1 f5 10. c3 Bf6 11. Be3 fxe4 12. dxe4 Qc7 13. f4 Bd7 14. Nf2 O-O-O 15.
Nf3 Bg7 16. Ng5 Rdf8 17. Rd1 h6 18. Nf3 Na5 19. Bf1 d5 20. e5 b6 21. b4 Nb7 22.
Ba6 c4 23. Nd4 Kb8 24. Bb5 Nd8 25. a4 Nf5 26. Nxf5 Rxf5 27. Bxd7 Qxd7 28. a5 b5
29. Ne4 Qc6 30. Nf2 Rf7 31. Qd4 Qc7 32. Rd2 Nc6 33. Qc5 Bf8 34. Qxb5+ Qb7 35.
Qa4 a6 36. Rb2 Qb5 37. Qc2 Rg8 38. O-O Rb7 39. Ng4 Ne7 40. Bc5 h5 41. Nf6 Rg7
42. Qf2 Rf7 43. Qc2 Nf5 44. Bxf8 Rxf8 45. Qf2 Ka8 46. Rfb1 Rfb8 47. h3 Ne7 48.
Qc2 Qc6 49. Kh2 Qc8 50. Qf2 Rb5 51. Nh7 Qh8 52. Ng5 Qg8 53. Nf3 Nc6 54. Qc2
R8b7 55. Qg2 Qb8 56. Qc2 Qg8 57. Nh4 Rg7 58. Nf3 Rgb7 59. Qc1 Qb8 60. Qc2 Qg8
61. Ne1 Qg7 62. Qc1 Qg8 63. Nc2 Qb8 64. Na3 Nxa5 65. Nxb5 Nb3 66. Rxb3 1-0

[Event "XXXVI C.to Italiano femminile"]
[Site "Bratto - Castione della Presolana ITA"]
[Date "2009.08.25"]
[Round "5"]
[White "Chiarion, Elisa"]
[Black "Restifo, Katiuscia"]
[Result "1-0"]
[WhiteElo "1904"]
[BlackElo "1779"]
[PlyCount "47"]
[EventDate "2009.08.21"]

1. b4 e5 2. a3 Nf6 3. Bb2 d6 4. c4 Be7 5. e3 Be6 6. Nf3 h6 7. d4 e4 8. Nfd2 c6
9. Qc2 d5 10. Nc3 O-O 11. Be2 Nbd7 12. O-O Bd6 13. f3 exf3 14. Bxf3 Qc7 15. h3
dxc4 16. e4 Bf4 17. d5 Be3+ 18. Kh1 Qg3 19. Ne2 Qh4 20. dxe6 fxe6 21. Nxc4 e5
22. Nxe3 Nh5 23. Nf5 Qg5 24. h4 1-0

[Event "XXXVI C.to Italiano femminile"]
[Site "Bratto - Castione della Presolana ITA"]
[Date "2009.08.25"]
[Round "5"]
[White "Chierici, Marianna"]
[Black "Brunello, Roberta"]
[Result "1-0"]
[WhiteElo "2021"]
[BlackElo "1956"]
[PlyCount "81"]
[EventDate "2009.08.21"]

1. Nf3 d5 2. g3 Nf6 3. Bg2 Bf5 4. c4 c6 5. O-O e6 6. cxd5 exd5 7. d3 Bc5 8. Qc2
Nbd7 9. Nbd2 O-O 10. e4 dxe4 11. dxe4 Bg6 12. Nh4 Re8 13. Nxg6 hxg6 14. Nc4 Qe7
15. Bg5 Ne5 16. Rae1 Nxc4 17. Qxc4 Qe5 18. Bf4 Qd4 19. Rc1 Qxc4 20. Rxc4 Bb6
21. Bd6 Re6 22. Bb4 Rae8 23. Re1 Ng4 24. Bc5 Ne5 25. Bxb6 Nxc4 26. Bd4 Nd6 27.
f3 Nb5 28. Bf2 f5 29. a4 Nc7 30. Bxa7 fxe4 31. fxe4 Nd5 32. Bd4 Nf6 33. e5 Nd7
34. Bh3 R6e7 35. e6 c5 36. Bf2 b6 37. a5 Nf8 38. axb6 Nxe6 39. Bxe6+ Rxe6 40.
Rxe6 Rxe6 41. Bxc5 1-0

[Event "XXXVI C.to Italiano femminile"]
[Site "Bratto - Castione della Presolana ITA"]
[Date "2009.08.25"]
[Round "5"]
[White "Fantina, Carla"]
[Black "Palmitessa, Chiara"]
[Result "0-1"]
[WhiteElo "1784"]
[BlackElo "1807"]
[PlyCount "72"]
[EventDate "2009.08.21"]

1. c4 e5 2. Nc3 Nc6 3. g3 d6 4. Bg2 f5 5. e3 Nf6 6. Nge2 Be7 7. O-O O-O 8. d4
Qe8 9. Nb5 Bd8 10. d5 Ne7 11. Nbc3 Qh5 12. f4 Ng4 13. h3 Nf6 14. Rf3 h6 15. Bd2
g5 16. fxg5 hxg5 17. g4 fxg4 18. hxg4 Bxg4 19. Rg3 Nf5 20. Qe1 Nxg3 21. Nxg3
Qh4 22. e4 Nh5 23. Nxh5 Qxh5 24. Be3 Bf3 25. Qg3 Bxg2 26. Kxg2 Qh4 27. Bf2
Qxg3+ 28. Kxg3 Kg7 29. c5 a6 30. b4 g4 31. Rc1 Bh4+ 32. Kxh4 Rxf2 33. Kxg4 Kf7
34. Kg3 Rf6 35. Kg4 Rg8+ 36. Kh5 Rf2 0-1

[Event "XXXVI C.to Italiano femminile"]
[Site "Bratto - Castione della Presolana ITA"]
[Date "2009.08.25"]
[Round "5"]
[White "Matta, Francesca"]
[Black "Messina, Roberta"]
[Result "0-1"]
[WhiteElo "1906"]
[BlackElo "1900"]
[PlyCount "60"]
[EventDate "2009.08.21"]

1. e4 c5 2. Nf3 d6 3. d4 cxd4 4. Nxd4 Nf6 5. Nc3 a6 6. Rg1 e6 7. g4 b5 8. g5
Nfd7 9. a3 Nb6 10. Bd3 Bb7 11. Qe2 N8d7 12. Nb3 Rc8 13. Na5 Ba8 14. f4 Na4 15.
Nxa4 Qxa5+ 16. Bd2 Qxa4 17. Bb4 d5 18. Bxf8 Kxf8 19. exd5 Qd4 20. Rg3 Bxd5 21.
Rd1 Qxf4 22. Rg4 Qf3 23. a4 Qxe2+ 24. Kxe2 Ne5 25. Rf4 Nxd3 26. Kxd3 Ke7 27.
axb5 axb5 28. b3 Rhd8 29. Ke3 Rxc2 30. Rdf1 Rf8 0-1

[Event "XXXVI C.to Italiano femminile"]
[Site "Bratto - Castione della Presolana ITA"]
[Date "2009.08.25"]
[Round "5"]
[White "Panella, Fiammetta"]
[Black "De Rosa, Mariagrazia"]
[Result "1/2-1/2"]
[WhiteElo "1996"]
[BlackElo "2124"]
[PlyCount "67"]
[EventDate "2009.08.21"]

1. c4 e6 2. Nc3 d5 3. d4 Nf6 4. Nf3 c6 5. e3 Nbd7 6. Be2 Bd6 7. O-O O-O 8. Qc2
a6 9. a4 dxc4 10. Bxc4 c5 11. Rd1 Qc7 12. Ne2 Nb6 13. Ba2 Nbd5 14. Bd2 cxd4 15.
Qxc7 Bxc7 16. Nexd4 e5 17. Nb3 Bd7 18. Nc5 Bc6 19. a5 h6 20. Rac1 Bd6 21. Be1
Rfd8 22. Bb1 Ne7 23. Nb3 Ba4 24. Ba2 Ng6 25. Nfd2 Bb4 26. Nc4 Bxe1 27. Rxe1
Rab8 28. Nb6 Bb5 29. Rc7 Ne8 30. Rc5 Bc6 31. h3 Ne7 32. Bb1 Nd6 33. Rcc1 e4 34.
Red1 1/2-1/2

[Event "XXXVI C.to Italiano femminile"]
[Site "Bratto - Castione della Presolana ITA"]
[Date "2009.08.25"]
[Round "5"]
[White "Tonel, Giulia"]
[Black "Pili, Erika"]
[Result "1-0"]
[WhiteElo "2004"]
[BlackElo "1824"]
[PlyCount "69"]
[EventDate "2009.08.21"]

1. e4 e5 2. f4 d5 3. exd5 e4 4. d3 Nf6 5. dxe4 Nxe4 6. Qe2 Qxd5 7. Nc3 Bb4 8.
Bd2 Qxd2+ 9. Qxd2 Nxd2 10. Kxd2 O-O 11. Bd3 Be6 12. a3 Ba5 13. Nf3 c6 14. Rae1
Nd7 15. Rhf1 Nc5 16. b4 Nxd3 17. cxd3 Bc7 18. Ng5 Bf5 19. h3 Rad8 20. Nge4 h5
21. Rf3 h4 22. Nc5 Bc8 23. f5 b6 24. Nb3 Rfe8 25. Ne4 Bb7 26. Kc2 Rd5 27. Nf6+
gxf6 28. Rxe8+ Kg7 29. Re7 Bg3 30. Rxb7 Re5 31. Kd2 Be1+ 32. Kd1 Bc3 33. Nd2 a5
34. Rxb6 axb4 35. axb4 1-0

[Event "XXXVI C.to Italiano femminile"]
[Site "Bratto - Castione della Presolana ITA"]
[Date "2009.08.26"]
[Round "6"]
[White "Brunello, Roberta"]
[Black "Brunello, Marina"]
[Result "0-1"]
[WhiteElo "1956"]
[BlackElo "2159"]
[PlyCount "88"]
[EventDate "2009.08.21"]

1. e4 c5 2. c3 Nf6 3. e5 Nd5 4. d4 cxd4 5. Nf3 e6 6. cxd4 d6 7. Bd3 Be7 8. O-O
Bd7 9. Nc3 Bc6 10. Re1 Nd7 11. Ne4 dxe5 12. dxe5 Qc7 13. Bg5 O-O 14. Rc1 Bxg5
15. Nexg5 h6 16. Nh3 Qb6 17. Qe2 Nb4 18. Bb1 f5 19. Nf4 Rae8 20. a3 Nd5 21.
Nxd5 Bxd5 22. b4 Rf7 23. Rc3 Nf8 24. Ba2 Bxa2 25. Qxa2 Rd7 26. Rec1 Red8 27. h4
Ng6 28. Qb2 Nf4 29. Qc2 Qb5 30. Re1 Qb6 31. g3 Nd5 32. Rc8 Rxc8 33. Qxc8+ Rd8
34. Qc4 Rf8 35. Rd1 f4 36. g4 Qd8 37. Qc2 Qe8 38. Kh2 Qf7 39. Qd3 Rc8 40. Qd2
Rc3 41. Qe2 Qg6 42. Rg1 Rc2 43. Qe1 Qd3 44. Kg2 Ne3+ 0-1

[Event "XXXVI C.to Italiano femminile"]
[Site "Bratto - Castione della Presolana ITA"]
[Date "2009.08.26"]
[Round "6"]
[White "Casolino, Rosamaria"]
[Black "Reginato, Sabrina"]
[Result "0-1"]
[WhiteElo "1826"]
[BlackElo "1880"]
[PlyCount "86"]
[EventDate "2009.08.21"]

1. e4 c5 2. Nc3 Nc6 3. g3 Rb8 4. Bg2 g6 5. d3 Bg7 6. Be3 d6 7. Qd2 b5 8. Nd1 b4
9. Ne2 Nd4 10. f4 e6 11. O-O Ne7 12. c3 Nxe2+ 13. Qxe2 bxc3 14. bxc3 Qa5 15.
Rc1 Ba6 16. f5 gxf5 17. exf5 exf5 18. Bf4 Qc7 19. Re1 Kf8 20. Nf2 h6 21. Qd2
Bb7 22. Nh3 Ng6 23. Rb1 Bxg2 24. Rxb8+ Qxb8 25. Qxg2 Bxc3 26. Qd5 Kg7 27. Rf1
Rd8 28. Qxf5 Bd4+ 29. Nf2 Qb2 30. Qd5 Qe2 31. Qe4 Qxe4 32. dxe4 Nxf4 33. gxf4
Re8 34. Re1 f5 35. Kg2 Bxf2 36. Kxf2 fxe4 37. Rd1 Rd8 38. Ke3 d5 39. Rb1 Kf6
40. Rb7 d4+ 41. Kxe4 d3 42. Rb1 d2 43. Rd1 c4 0-1

[Event "XXXVI C.to Italiano femminile"]
[Site "Bratto - Castione della Presolana ITA"]
[Date "2009.08.26"]
[Round "6"]
[White "De Rosa, Mariagrazia"]
[Black "Chiarion, Elisa"]
[Result "1-0"]
[WhiteElo "2124"]
[BlackElo "1904"]
[PlyCount "79"]
[EventDate "2009.08.21"]

1. e4 c5 2. Nf3 a6 3. c3 e6 4. d4 d5 5. e5 Bd7 6. Be2 cxd4 7. cxd4 Bb5 8. Nc3
Bxe2 9. Nxe2 Ne7 10. Nf4 Ng6 11. Nh5 Bb4+ 12. Kf1 O-O 13. g3 Nc6 14. Kg2 Be7
15. h4 f6 16. exf6 Bxf6 17. Nxf6+ Qxf6 18. Bg5 Qf7 19. h5 Nge7 20. h6 g6 21.
Rh4 Nf5 22. Rf4 Qc7 23. Rc1 Qd6 24. Qd2 Rae8 25. Re1 Qc7 26. Qd3 Qd6 27. Rd1
Qc7 28. a3 Nd6 29. Rxf8+ Rxf8 30. Bf4 Qd7 31. Ng5 Nf5 32. Nf3 Nd6 33. Bxd6 Qxd6
34. Re1 Re8 35. Qe3 Qe7 36. Ne5 Qf8 37. Rc1 Nxe5 38. Qxe5 Re7 39. g4 Qxh6 40.
Rc8+ 1-0

[Event "XXXVI C.to Italiano femminile"]
[Site "Bratto - Castione della Presolana ITA"]
[Date "2009.08.26"]
[Round "6"]
[White "Messina, Roberta"]
[Black "Polin, Giulia"]
[Result "1-0"]
[WhiteElo "1900"]
[BlackElo "1711"]
[PlyCount "161"]
[EventDate "2009.08.21"]

1. e4 c5 2. Nf3 d6 3. d4 cxd4 4. Nxd4 Nc6 5. Nc3 Nf6 6. Be2 e5 7. Nb3 Be6 8.
O-O d5 9. exd5 Nxd5 10. Ne4 Bf5 11. Bf3 Ndb4 12. Qe2 Be7 13. a3 Na6 14. Ng3 Bg6
15. Bxc6+ bxc6 16. Qxa6 O-O 17. Qc4 Qd5 18. Nd2 Bf6 19. Nge4 Be7 20. Nc3 Qd6
21. Nde4 Qd4 22. Nd2 Bxc2 23. Re1 Bc5 24. Nce4 Qxc4 25. Nxc4 Bd4 26. Nc3 f6 27.
Be3 c5 28. Rac1 Bd3 29. Nd2 Rab8 30. Na4 Bg6 31. Nxc5 Bxe3 32. Rxe3 Rxb2 33.
Nc4 Rb5 34. Nd6 Rb2 35. h3 Rd2 36. Nde4 Rd5 37. f3 f5 38. Nf2 f4 39. Rec3 Re8
40. Nce4 Red8 41. Rc7 Ra5 42. R1c3 h6 43. Rb7 Bxe4 44. fxe4 Rd6 45. Rcc7 Rg6
46. Kf1 Rxa3 47. Rxa7 Rb3 48. Rd7 h5 49. Ra5 Rbg3 50. Rxe5 Rxg2 51. Rd8+ Kf7
52. Rf5+ Ke7 53. Rdd5 Rg1+ 54. Ke2 Rf6 55. Rxf6 Kxf6 56. Rf5+ Ke6 57. Rxf4 g6
58. Rf8 Ke7 59. Rf3 Ke6 60. Nd3 Rg2+ 61. Ke3 g5 62. Ne1 Rh2 63. Rg3 Kf6 64. Nf3
Rh1 65. Nxg5 h4 66. Nh7+ Ke5 67. Rg5+ Ke6 68. Rh5 Rxh3+ 69. Kf4 Rh1 70. Ng5+
Kf6 71. Nf3 h3 72. Kg3 Ra1 73. Rxh3 Kg6 74. Kf4 Ra4 75. Ne5+ Kf6 76. Rh6+ Ke7
77. Kf5 Kf8 78. Rh7 Kg8 79. Rb7 Ra1 80. Nf3 Rf1 81. Kg6 1-0

[Event "XXXVI C.to Italiano femminile"]
[Site "Bratto - Castione della Presolana ITA"]
[Date "2009.08.26"]
[Round "6"]
[White "Pili, Erika"]
[Black "Matta, Francesca"]
[Result "0-1"]
[WhiteElo "1824"]
[BlackElo "1906"]
[PlyCount "94"]
[EventDate "2009.08.21"]

1. e4 e5 2. f4 exf4 3. Nf3 Nc6 4. Bc4 d6 5. d4 g5 6. O-O Bg4 7. c3 Qe7 8. Qb3
O-O-O 9. Na3 Na5 10. Qa4 Nxc4 11. Nxc4 Kb8 12. Qb5 Bxf3 13. gxf3 c6 14. Qb3 h5
15. a4 Bh6 16. e5 d5 17. Nd6 Rxd6 18. exd6 Qxd6 19. Qc2 Ne7 20. b3 Qf6 21. Qe2
Rg8 22. Qe5+ Qxe5 23. dxe5 Ng6 24. Ba3 Re8 25. Rae1 Bg7 26. Re2 Bxe5 27. Bd6+
Kc8 28. Bxe5 Nxe5 29. Kg2 Kd7 30. Rfe1 f6 31. h4 Rg8 32. hxg5 Rxg5+ 33. Kh1
Nxf3 34. Rf1 Rg3 35. Ref2 Ne5 36. Rxf4 Rxc3 37. Rb4 b6 38. Rxf6 Rf3 39. Rh6 Rf5
40. Rh7+ Kd6 41. Rxa7 Kc5 42. Rh4 d4 43. Ra8 Nf3 44. Rh3 Kb4 45. Rb8 d3 46.
Rxb6+ Kc5 47. Rb8 d2 0-1

[Event "XXXVI C.to Italiano femminile"]
[Site "Bratto - Castione della Presolana ITA"]
[Date "2009.08.26"]
[Round "6"]
[White "Restifo, Katiuscia"]
[Black "Palmitessa, Chiara"]
[Result "1-0"]
[WhiteElo "1779"]
[BlackElo "1807"]
[PlyCount "93"]
[EventDate "2009.08.21"]

1. d4 d5 2. Nf3 Nf6 3. e3 Bg4 4. Be2 e6 5. O-O c5 6. b3 Nc6 7. Bb2 Rc8 8. Nbd2
cxd4 9. exd4 Bd6 10. a3 O-O 11. Rc1 Bf4 12. Rb1 Qc7 13. h3 Bh5 14. Qe1 Bg6 15.
Bd3 Bxd3 16. cxd3 Qb6 17. b4 Rc7 18. Nb3 Qb5 19. Qe2 a5 20. Bc3 axb4 21. axb4
Rfc8 22. Rb2 b6 23. Bd2 Bxd2 24. Qxd2 Qxb4 25. Qe3 Qd6 26. Ne5 Nd7 27. Re1 Ne7
28. Qf3 Nf6 29. g4 h6 30. h4 Nc6 31. g5 hxg5 32. hxg5 Ne8 33. Kg2 Qb4 34. Reb1
Nxd4 35. Qf4 Nc6 36. Qg3 Nxe5 37. Qxe5 Qd6 38. Qe3 Rc2 39. Nd4 Rxb2 40. Rxb2
Rb8 41. Rc2 Nc7 42. Rc1 Kf8 43. Qh3 Re8 44. Nc6 Kg8 45. Rh1 f6 46. g6 Qxc6 47.
Qh8# 1-0